00357cam a22001217a 4500008004000000082001200040100001700052245008300069260004200152300001000194650001400204700001700218180718b1936 xxu||||| |||| 00| 0 eng d aT1 Sh23 aSharma, R.K. aFirst approach to economics for Indian readerscby R.K. Sharma and S.S. Nirvan aAgrabKashmiri Publishing Housec1936 a570p. aEconomics aNirvan, S.S.